000 00560cam a2200181 a 4500
020 _a047180262X :
082 0 _a624.1/76
_byan
_cL-20, P-141
100 1 _aYang, Zongyuan.
_942933
245 1 0 _aRandom vibration of structures /
_cC.Y. Yang.
260 _aNew York :
_bWiley,
_cc1986.
300 _axii, 295 p. :
_bill. ;
_c24 cm.
500 _a"A Wiley-Interscience publication."
500 _aIncludes index.
526 _a0
_b0
_c0
_d624_176000000000000_YAN
650 0 _aRandom vibration.
_942896
650 0 _aStructural dynamics.
_910008
942 _2ddc
_cBK
999 _c546735
_d546735